000 00435nam a22001697a 4500
003 CEME
005 20210628203545.0
008 210316b xxu||||| |||| 00| 0 eng d
020 _a0-8306-3263-8
040 _c.
082 _a658 CHO'H
100 _aChorafas, Dimitris N
_936575
245 _aHandbook of management , for scientific and technical personnel
260 _aUSA
_bTRP
_c1990
300 _aVIII,296P
942 _cBK
_2ddc
999 _c574231
_d574231